000 00523nam a2200157 4500
001 123369
003 ES-MaACL
007 t|
008 070214s1917 it r ||||1| spa d
100 1 _aRada y Gamio, Pedro José.
_994905
245 1 3 _aEl arzobispo Goyeneche y apuntes para la historia del Perú /
_cpor Pedro José Rada y Gamio.
260 _aRoma :
_b[s. n.],
_c1917 (
_fImprenta Políglota Vaticana)
300 _aXLVII, 954 p. ;
_c24 cm.
500 _aApéndice documental: p. 700-954.
852 _aES-MaACL
_jG-4925
999 _c123369
_d123369